Central Library OPAC University of Rajshahi

Intermediate logic / (Record no. 30077)

MARC details
000 -LEADER
fixed length control field 00772nam a22002532 4500
001 - CONTROL NUMBER
control field 30077
003 - CONTROL NUMBER IDENTIFIER
rucl marc code BD-RjUL
005 - DATE AND TIME OF LATEST TRANSACTION
control field 20211209051516.0
008 - FIXED-LENGTH DATA ELEMENTS--GENERAL INFORMATION
fixed length control field 140408r19541938enk 001 0 eng d
035 ## - SYSTEM CONTROL NUMBER
System control number (BD-RjUL)30162
-- OCLC ocm03725502 from D970320M
040 ## - CATALOGING SOURCE
Original cataloging agency AFU
Transcribing agency AFU
Modifying agency BD-RjUL
Language of cataloging eng
041 ## - LANGUAGE CODE
Language code of text/sound track or separate title eng
082 04 - DEWEY DECIMAL CLASSIFICATION NUMBER
Classification number 160
Author mark and year WEI 1954
100 1# - MAIN ENTRY--PERSONAL NAME
Personal name Welton, James
Dates associated with a name 1854-
9 (RLIN) 91469
245 1# - TITLE STATEMENT
Title Intermediate logic /
Statement of responsibility, etc. James Welton and A.J. Monahan, S. H. Mellone
250 ## - EDITION STATEMENT
Edition statement 4th ed., rev.
260 ## - PUBLICATION, DISTRIBUTION, ETC. (IMPRINT)
Place of publication, distribution, etc. London :
Name of publisher, distributor, etc. University Tutorial Press,
Date of publication, distribution, etc. 1938 [reprinted 1954].
300 ## - PHYSICAL DESCRIPTION
Pagination xii, 498 p. ;
Size 19 cm.
504 ## - BIBLIOGRAPHY, ETC. NOTE
Bibliography, etc Includes index.
650 #0 - SUBJECT ADDED ENTRY--TOPICAL TERM
Topical term or geographic name as entry element Logic.
9 (RLIN) 91470
700 1# - ADDED ENTRY--PERSONAL NAME
Personal name Monahan, Alexander James.
Personal name Mellone, S. H.
942 ## - ADDED ENTRY ELEMENTS (KOHA)
Source of classification or shelving scheme Dewey Decimal Classification
Koha item type Books
Holdings
Lost status Source of classification or shelving scheme Damaged status Not for loan Collection code Permanent Location Current Location Shelving location Date acquired Source of acquisition Cost, normal purchase price Total Checkouts Full call number Date last seen Copy number Koha item type
  Dewey Decimal Classification   Not For Loan Non-fiction Central Library, University of Rajshahi Central Library, University of Rajshahi Reading Room 28/10/1955 Oxford University Press 10.15   160 WEI 1954 08/04/2014 C-1 Books
  Dewey Decimal Classification     Non-fiction Central Library, University of Rajshahi Central Library, University of Rajshahi   15/04/1960 Tharangh, Rajshahi.     160 WEI 1946 04/12/2016 C-2 Books